1747 1916 1891 1473 1549 1140 1039 1932 1068 1708 1361 1781 2000 1653 1233 1174 1932 1766 1607 1597 1494 1627 1222 1436 1933 1008 1287 1477 1203 1548 1195 1418 1813 1951 1422 1574 1283 1450 1760 1796 1029 1987 1594 1604 1593 1234 1874 1916 1836 1104 1413 1173 1880 1201 1508 1332 1802 1854 1782 1193 1608 1163 1080 1166 1946 1173 1951 1054 1970 1470 1253 1014 1119 1451 1325 1277 1072 1414 1520 1069 1852 1824 1589 1633 1134 1036 1904 1443 1920 1926 1540 1177 1643 1765 1171 1628 1076 1826 1331 BCNSPRNW ULIB Ver.6.0+V

เปลี่ยนเป็นภาษาไทย

Change to English
 แสดงรายละเอียดบรรณานุกรม
  กลับหน้าหลัก

Brief Record : Get Marc (ISO 2709) : E-mail record : QR code < ปิดหน้าต่าง
LEADER : 00000nam 2200000uu 4500
001    13399126190
003     ULIB
008    180712s2013||||th 000 0 tha d
020    ^a9780521497671
050 00 ^aPE1128^bJ251C^cV.1
100 0  ^aJakeman, Vanessa.
245 10 ^aCambridge practice tests for IELTS 1 /^cVanessa Jakeman, Clare McDowell
260    ^aCambridge :^bCambridge University Press,^c2013
300    ^a156 p.:^bill. ;^c25 cm.
650 00 ^aInternational English Language Testing System.
650 00 ^aEnglish language^xExaminations, questions, etc.
650 00 ^aEnglish language^xTextbooks for foreign speakers
700 1  ^aMcDowell, Clare
945    ^p0^l0^i26408
999    ^aกัณชพร จุลอักษร
รายการนี้ยังไม่มีแท็ก
คุณยังไม่ได้ล็อกอิน คุณสามารถมีกิจกรรมร่วมกับเว็บไซต์ได้ แต่ต้องล็อกอินก่อน ::
  ล็อกอิน

รายการสื่อสารสนเทศ

ลำดับที่ ประเภท เลขเรียก/บาร์โค้ด สถานที่ สถานะ
1. วิทยาศาสตร์การแพทย์ และสุขภาพ
วิทยาศาสตร์การแพทย์ และสุขภาพ
PE1128 J251C V.1 ฉ.1 
  Barcode: 26408
ห้องสมุดวิทยาเขตนครสวรรค์
►หนังสือทั่วไป:l:General Books
บนชั้น

รายการใกล้เคียง
    ผู้แต่ง [Jakeman, Vanessa.]

    หัวเรื่อง [International English Language Testing System.]

BibComment


ยังไม่เคยถูกคอมเมนท์

คอมเมนท์ทรัพยากรรายการนี้
  คอมเมนท์: Cambridge practi..


 Copyright 2026. Bcnsprnw @Library